Who rules Britain?

Furkejuvvon:
Bibliográfalaš dieđut
Váldodahkki: Scott, John (Dahkki)
Materiálatiipa: Girji
Giella:eaŋgalasgiella
Almmustuhtton: Cambridge Polity Press 1991
Preanttus:1a. ed
Fáttát:
Fáddágilkorat: Lasit fáddágilkoriid
Eai fáddágilkorat, Lasit vuosttaš fáddágilkora!

MARC

LEADER 00000cam a2200000 a 4500
001 UCG9759
003 CL-VaPUC
008 120330e19910000UK |||||||||||||||||eng|d
020 |a 074560563X 
082 0 4 |a 321.804942  |b SCO  |2 21 
100 0 |a Scott, John  |e author  |9 561428 
245 1 0 |a Who rules Britain? 
250 |a 1a. ed 
300 |a 171 p 
942 |c BK 
945 |d 20120330 00:00:00  |a dcastane 
260 |a Cambridge  |b Polity Press  |c 1991 
650 7 |a GOBIERNO INGLES  |2 CL-VaPUC  |9 537219 
650 7 |a PARLAMENTO INGLES  |2 CL-VaPUC  |9 441634 
650 0 |a Poder político  |9 255509 
650 0 |a Monarquía   |9 255259 
651 0 |a Gran Bretaña  |9 256767 
651 0 |a Inglaterra  |9 255158 
583 |a last modification  |c 20120330 10:33:00  |k Rodrigo Vera 
999 |c 347302  |d 347300 
952 |0 0  |1 0  |4 0  |6 321_804942000000000_SCO_1991  |7 0  |8 A  |9 448557  |a BIBEDU  |b BIBEDU  |d 2019-11-22  |i 4842111  |o 321.804942 SCO 1991  |p 4842111  |r 2019-11-22  |w 2019-11-22  |y BK  |k LIT